Evénements du 2 février - Statistiques

Statistiques générales
  • Ce quiz a été pris 29 fois
  • Le résultat moyen est 7 sur 15
Statistiques - réponses
Hint Réponse % Correct
Légalisation du parti A.N.C. en Afrique-du-Sud 1990
89%
Capitulation de la VIe armée allemande à Stalingrad 1943
86%
Naissance de Valéry Giscard d'Estaing 1926
71%
Sacre de l'empereur Otton 1er 962
71%
Naissance Jean-François Lamour 1956
46%
Fondation de la colonie qui deviendra Buenos Aires 1535
43%
Naissance du chanteur Mike Brant 1947
43%
Naissance de Talleyrand 1754
39%
Naissance d'Isaac de Portau dit Porthos, un des mousquetaires 1617
32%
Naissance du maréchal Jean de Lattre de Tassigny 1889
32%
Naissance de Philippe Chatrier 1928
29%
Naissance de Catherine Hubscher dite Mme Sans-Gêne 1753
25%
Naissance du romancier et poète James Joyce 1882
25%
Naissance du pape Benoit XIII 1649
18%
Fondation de La Nouvelle-Amsterdam qui deviendra New York 1625
14%
Aucun quiz correspondant
Distribution des résultats
% des personnes avec chaque résultat
Percentile par nombre de réponses
Votre historique - résultats
Vous n’avez pas pris ce quiz